000 nam a22 a 4500
999 _c1604
_d1604
003 AKMAL
005 20170511102204.0
008 170511s1986 my 00 may d
040 _aAKMAL
_cAKMAL
082 0 4 _a322.5 NOR
090 _a322.5
_bNOR
100 1 _aNordlinger, Eric A.
_93257
245 1 _aTentera dalam politik :
_bkudeta dan kerajaan /
_cEric A. Nordlinger ; terjemahan Ghazali Mayuddin
260 _aKuala Lumpur :
_bDewan Bahasa dan Pustaka,
_c1986
300 _axiii,298ms. ;
_c21cm.
500 _aTerjemahan dari : Soldiers in politics military coups and government.Englewood Cliffs,New Jersey : Prentice Hall,1977
504 _aBibliografi : ms.286-295
650 _aMilitary government
_zDeveloping countries
_93258
650 _aCivil-military relations
_zDeveloping countries
_93259
650 _aDeveloping countries
_xPolitics and government
_93260
700 0 _aGhazali Mayuddin
_93261
942 _2ddc
_cBOOK